000 00662nam a2200229 a 4500
999 _c930
_d930
008 191108t2010 ii ad||g||||| 00| 0 eng d
020 _a9788132104025
_cRs. 425.00
040 _aKO
_beng
041 0 _aeng
044 _aii
082 0 4 _223
_a658.408
_bD2602
245 1 0 _aEthics, Business and Society :
_bManaging Responsibly /
_cEdited by Ananda Das Gupta
260 _aNew Delhi :
_bResponse Books ,
_c2010
300 _axxix, 212 p. :
_bill. ;
_c22 cm.
650 0 _aBusiness ethics
650 0 _aCorporate governance
650 0 _aSocial responsibility of business
700 _aDas Gupta, Ananda
_eedt
904 _aA_BOSE
942 _cBK